00887nam a2200229 i 450000100060000000300090000600500170001500700030003200800410003510000350007624501980011126000370030930000220034649000220036865000400039065100470043070000460047770000430052370000380056683000220060485200310062659779ES-MaACL20250814221136.0t|031030s1980 sp ||||1| spa d1 aEnrique y Tarancón, Vicente.10aIglesia y política en la España de hoy / cVicente E. y Tarancón, Arzobispo de Oviedo, Marcelo González, Narciso Jubani ; prólogo e introducción de Olegario González de Cardedal]. aSalamanca : bSígueme, c1980. a143 p. ; c22 cm.1 aMateriales ; v19 4aIglesia y Estado-zEspaña-yS.XX. 4aEspaña-xHistoria eclesiástica-yS.XX.1 aGonzález Martín, Marcelo, d1918-20041 aJubany i Arnau, Narcís (d1913-1996)1 aGonzález de Cardedal, Olegario.0 aMateriales ; v19 aES-MaACLjL-178 bR.100630